My Favorite Wrestlers of All Time - Statistics

General Stats
  • This quiz has been taken 8 times
  • The average score is 5 of 15
Answer Stats
Era Belts Most reigns with a belt Answer % Correct
90s-2000s 17 6 times Undertaker
88%
90s-2000s 16 3 times Shawn Michaels
75%
80s-90s 5 4 times "Macho Man" Randy Savage
63%
2000s-2010s 10 5 times Rey Mysterio
63%
2000s-2010s 15 9 times Chris Jericho
50%
2000s 6 12 times Edge
50%
80s-90s 4 2 times Ultimate Warrior
38%
90s-2000s 16 6 times Jeff Hardy
25%
2000s-2010s 8 53 times R-Truth
25%
90s 6 4 times X-Pac
25%
90s 7 10 times Billy Gunn
13%
2010s-2020s 2 2 times Drew McIntyre
13%
90s 12 2 times Scott Steiner
13%
90s-2000s 11 3 times Jerry Lynn
0%
90s-2000s 7 39 times Raven
0%
No matching quizzes found
Score Distribution
Percent of People with Each Score
Percentile by Number Answered
Your Score History
You have not taken this quiz